<?xml version="1.0" encoding="UTF-8"?><?xml-stylesheet type="text/xsl" href="static/style.xsl"?><OAI-PMH xmlns="http://www.openarchives.org/OAI/2.0/" xmlns:xsi="http://www.w3.org/2001/XMLSchema-instance" xsi:schemaLocation="http://www.openarchives.org/OAI/2.0/ http://www.openarchives.org/OAI/2.0/OAI-PMH.xsd"><responseDate>2026-05-11T19:27:45Z</responseDate><request verb="GetRecord" identifier="oai:riubu.ubu.es:10259/4750" metadataPrefix="marc">https://riubu.ubu.es/oai/request</request><GetRecord><record><header><identifier>oai:riubu.ubu.es:10259/4750</identifier><datestamp>2022-04-26T11:42:13Z</datestamp><setSpec>com_10259_2699</setSpec><setSpec>col_10259_2723</setSpec></header><metadata><record xmlns="http://www.loc.gov/MARC21/slim" xmlns:doc="http://www.lyncode.com/xoai" xmlns:xsi="http://www.w3.org/2001/XMLSchema-instance" xmlns:dcterms="http://purl.org/dc/terms/" xsi:schemaLocation="http://www.loc.gov/MARC21/slim http://www.loc.gov/standards/marcxml/schema/MARC21slim.xsd">
<leader>00925njm 22002777a 4500</leader>
<datafield tag="042" ind1=" " ind2=" ">
<subfield code="a">dc</subfield>
</datafield>
<datafield tag="720" ind1=" " ind2=" ">
<subfield code="a">Díaz Portugal, Andrés</subfield>
<subfield code="e">author</subfield>
</datafield>
<datafield tag="260" ind1=" " ind2=" ">
<subfield code="c">2017</subfield>
</datafield>
<datafield tag="520" ind1=" " ind2=" ">
<subfield code="a">Esta tesis presenta y discute la modelización de la difusión de hidrógeno en metales como un primer paso para predecir y mitigar la fractura asistida por hidrógeno. La fragilización por hidrógeno es un fenómeno mediante el cual se degradan los metales y las aleaciones, siendo  habituales los fallos a industriales asociados a este hecho. Sin embargo, la relación entre el hidrógeno y la transición dúctil -frágil en el modo de fractura no está del todo clara. Por lo tanto, el presente trabajo tiene como objetivo establecer, validar, implementar y analizar un modelo numérico para simular la difusión de hidrógeno y la fragilización, en el marco de la Mecánica de los Medios Continuos y por medio de un software de Elementos Finitos. Además, se han reproducido ensayos de tracción de probetas entalladas en contacto con hidrógeno y se ha simulado la difusión de hidrógeno en depósitos almacenando H2 a presión.</subfield>
</datafield>
<datafield tag="520" ind1=" " ind2=" ">
<subfield code="a">This thesis presents and discusses hydrogen diffusion modelling as a first step in predicting and mitigating hydrogen-assisted fracture. Hydrogen embrittlement is a common phenomenon that degrades metals and alloys, and related failures are usual in industry. However, the relationship between hydrogen and the transition from ductile to brittle modes of fracture is not entirely clear. Therefore, the present work has the objective of establishing, validating, implementing and analysing a consistent numerical model for hydrogen diffusion, in a Continuum Mechanics framework by means of a Finite Element software. In addition, a notched tensile test is simulated, demonstrating that the combination of diffusion with damage models might predict brittle fracture. Vessels storing hydrogen are also simulated with the purpose of finding hydrogen distributions near stress concentrators; influence of cyclic loads and compressive residual stresses are also evaluated in these deposits.</subfield>
</datafield>
<datafield tag="024" ind2=" " ind1="8">
<subfield code="a">http://hdl.handle.net/10259/4750</subfield>
</datafield>
<datafield tag="024" ind2=" " ind1="8">
<subfield code="a">10.36443/10259/4750</subfield>
</datafield>
<datafield ind1=" " ind2=" " tag="653">
<subfield code="a">hidrógeno</subfield>
</datafield>
<datafield ind1=" " ind2=" " tag="653">
<subfield code="a">difusión</subfield>
</datafield>
<datafield ind1=" " ind2=" " tag="653">
<subfield code="a">fragilización</subfield>
</datafield>
<datafield ind1=" " ind2=" " tag="653">
<subfield code="a">fractura</subfield>
</datafield>
<datafield ind1=" " ind2=" " tag="653">
<subfield code="a">elementos finitos</subfield>
</datafield>
<datafield ind1=" " ind2=" " tag="653">
<subfield code="a">hydrogen</subfield>
</datafield>
<datafield ind1=" " ind2=" " tag="653">
<subfield code="a">diffusion</subfield>
</datafield>
<datafield ind1=" " ind2=" " tag="653">
<subfield code="a">embrittlement</subfield>
</datafield>
<datafield ind1=" " ind2=" " tag="653">
<subfield code="a">fracture</subfield>
</datafield>
<datafield ind1=" " ind2=" " tag="653">
<subfield code="a">finite elements</subfield>
</datafield>
<datafield tag="245" ind1="0" ind2="0">
<subfield code="a">Numerical models for simulating hydrogen diffusion and embrittlement in high strength steels</subfield>
</datafield>
</record></metadata></record></GetRecord></OAI-PMH>